Ιωάννου Χρυσοστόμου λόγοι περί ιερωσύνης : αρχαίον κείμενον

Αποθηκεύτηκε σε:
Λεπτομέρειες βιβλιογραφικής εγγραφής
Κύριος συγγραφέας: Ιωάννης ο Χρυσόστομος, π. 354-407
Άλλοι συγγραφείς: Διαμαντόπουλος, Αδαμάντιος, 1869-1946 (Μεταφραστής)
Μορφή: Βιβλίο
Γλώσσα:Greek
Δημοσίευση: Εν Αθήναις : Πάπυρος, 1939.
Σειρά:Βιβλιοθήκη "Παπύρου" ; 53
Τα άπαντα των αρχαίων Ελλήνων συγγραφέων
Θέματα:
Ετικέτες: Προσθήκη ετικέτας
Δεν υπάρχουν, Καταχωρήστε ετικέτα πρώτοι!

MARC

LEADER 00000cam a2200000 i 4500
001 1/98625
008 081202s1939 gr | ||| |||| ||gre||
035 |l 10102161 
040 |a GR-MyUa  |b gre  |e AACR2 
041 0 |a gre 
082 7 |a 270.2092   |2 (22) 
100 0 |a Ιωάννης ο Χρυσόστομος,   |d π. 354-407. 
245 1 0 |a Ιωάννου Χρυσοστόμου λόγοι περί ιερωσύνης :   |b αρχαίον κείμενον /   |c εισαγωγή - μετάφρασις - σημειώσεις Αδ. Ν. Διαμαντόπουλου. 
260 |a Εν Αθήναις :   |b Πάπυρος,   |c 1939. 
300 |a 116 σ. ;   |c 22 εκ. 
490 1 |a (Βιβλιοθήκη "Παπύρου" ;   |v 53) 
490 1 |a (Τα άπαντα των αρχαίων Ελλήνων συγγραφέων) 
600 0 0 |a Ιωάννης ο Χρυσόστομος,   |d π. 354-407. 
650 0 |a Theology  |x Early works to 1800. 
700 1 |a Διαμαντόπουλος, Αδαμάντιος,   |d 1869-1946,  |e trl 
830 0 |a Βιβλιοθήκη "Παπύρου" ;  |v 53 
830 0 |a Τα άπαντα των αρχαίων Ελλήνων συγγραφέων 
852 |a INST  |b RHODES  |c AKA  |e 20081202  |h  270.2092 ΙΩΑ  |p 005400031453  |q 005400031453  |t BK  |y 0 
901 |a BIBL4-2008-3 
970 |a ΚΟΖΑ  |b ΜΑΡΙΑ  |z 2008/12/02